UBT Library

Cases and materials on evidence, (Record no. 42207)

000 -LEADER
fixed length control field 00599cam a2200217 4500
001 - CONTROL NUMBER
control field 1265193
005 - DATE AND TIME OF LATEST TRANSACTION
control field 20180209033227.0
008 - FIXED-LENGTH DATA ELEMENTS--GENERAL INFORMATION
fixed length control field 710901s1971 mnu 001 0 eng
010 ## - LIBRARY OF CONGRESS CONTROL NUMBER
LC control number 74166414
040 ## - CATALOGING SOURCE
Original cataloging agency DLC
Transcribing agency DLC
Modifying agency DLC
041 ## - LANGUAGE CODE
Language code of text/sound track or separate title eng
043 ## - GEOGRAPHIC AREA CODE
Geographic area code n-us---
080 ## - UNIVERSAL DECIMAL CLASSIFICATION NUMBER
Universal Decimal Classification number 347.736 CHA
082 00 - DEWEY DECIMAL CLASSIFICATION NUMBER
Classification number 347.736 CHA
100 1# - Rafti
Rafti 14
101 ## - Shkurtesa
Shkurtesa JUR
245 10 - TITLE STATEMENT
Title Cases and materials on evidence,
Statement of responsibility, etc by Charles T. McCormick, Frank W. Elliott [and] John F. Sutton.
740 0# - ADDED ENTRY--UNCONTROLLED RELATED/ANALYTICAL TITLE
Uncontrolled related/analytical title Evidence: cases and materials.
906 ## - LOCAL DATA ELEMENT F, LDF (RLIN)
a 7
b cbc
c orignew
d 2
e ncip
f 19
g y-gencatlg
942 ## - ADDED ENTRY ELEMENTS (KOHA)
Source of classification or shelving scheme
Item type Books
Holdings
Withdrawn status Lost status Source of classification or shelving scheme Damaged status Not for loan Collection code Permanent location Current location Shelving location Date acquired Total Checkouts Full call number Barcode Date last seen Price effective from Koha item type
          Koleksioni i përgjithshem UBT - Lipjan UBT - Lipjan Koleksioni i përgjithshem 02/09/2018   347.736 CHA 002-2999139 02/09/2018 02/09/2018 Books
UBT Library © 2015-2024. All rights reserved University Education for Business and Technology